书目信息 |
| 题名: |
日本地名译名手册
|
|
| 作者: | 陈维伦 编译 | |
| 分册: | ||
| 出版信息: | 香港 广角镜出版社 1980.04 |
|
| 页数: | 162页 | |
| 开本: | 16cm | |
| 丛书名: | ||
| 单 册: | ||
| 中图分类: | H365.9 | |
| 科图分类: | ||
| 主题词: | 日语 | |
| 电子资源: | ||
| ISBN: | ||
| 000 | 00550nam0 2200205 45 | |
| 001 | 0405111556 | |
| 005 | 20040511150341.9 | |
| 010 | @dCNY0.70 | |
| 100 | @a20040511d1980 km y0chiy0120 ea | |
| 101 | 0 | @achi |
| 105 | @a z 000yy | |
| 200 | 1 | @a日本地名译名手册@ARi Ben Di Ming Yi Ming Shou Ce@f陈维伦编译@FChen Wei Lun Bian Yi |
| 210 | @a香港@c广角镜出版社@d1980.04 | |
| 215 | @a162页@d16cm | |
| 300 | @a内部交流 | |
| 606 | 0 | @a日语 |
| 690 | @aH365.9@v3 | |
| 701 | 0 | @a陈维伦@4编译 |
| 801 | @aCN@bTSTCL@c20040511 | |
| 905 | @f1@b74419@dH365.9@e11 | |
| 日本地名译名手册/陈维伦编译.-香港:广角镜出版社,1980.04 |
| 162页;16cm |
| 内部交流 |
| ISBN :CNY0.70 |
| ● |
| 相关链接 |
|
|
|
|
正题名:日本地名译名手册
索取号:H365.9/11
 
预约/预借
| 序号 | 登录号 | 条形码 | 馆藏地/架位号 | 状态 | 备注 |
| 1 | 0074419 | 001060363 | 第四借阅区/ [索取号:H365.9/11] | 在馆 | |
| 2 | 0074420 | 001060381 | 第二样本阅览室/ [索取号:H365.9/11] | 在馆 |